Loading...
Brontes: critical heritage /
| Other Authors: | |
|---|---|
| Format: | Printed Book |
| Published: |
London:
Tinling & co,
1974.
|
| Subjects: |
| LEADER | 00443cam a2200145ua 4500 | ||
|---|---|---|---|
| 082 | 1 | 4 | |a 823.8 |b BRO |
| 245 | 1 | 0 | |a Brontes: |b critical heritage / |
| 260 | |a London: |b Tinling & co, |c 1974. | ||
| 300 | |a 475p. | ||
| 650 | 0 | |a English fiction | |
| 650 | 0 | |a Criticism and interpretation | |
| 700 | |a Allott Miriam | ||
| 942 | |c SEC.COL | ||
| 999 | |c 29599 |d 29599 | ||
| 952 | |0 0 |1 0 |4 0 |6 823_800000000000000_BRO |7 0 |9 37932 |a KU |b KU |d 2015-07-05 |o 823.8 BRO |p EN00575 |y SEC.COL | ||